00723cam a22002053a 450000100060000000300060000600500170001200800410002904000150007004200070008505000070009210000310009924501910013026000290032150600300035051600200038065300460040083000290044685600420047520289PGUSA20140828083429.0070104s2007||||xxu|||||s|||||000 | eng d aPGUSAbeng adc 4aBV1 aHowe, Reuel L.,d1905-198510aHerein is Love :bA Study of the Biblical Doctrine of Love in Its Bearing on Personality, Parenthood, Teaching, and All Other Human Relationships.h[electronic resource] /cReuel L. Howe bProject Gutenberg,c2007 aPublic domain in the USA. aElectronic text aLove -- Religious aspects -- Christianity 0aProject Gutenbergv2028940uhttp://www.gutenberg.org/ebooks/20289